ბათუმის შოთა რუსთაველის სახელმწიფო უნივერსიტეტის ბიბლიოთეკა

საქართველოს საზღვრისპირა რეგიონების სოციო-კულტურული მახასიათებელები და სასაზღვრო ურთიერთობები : (ბიბ.ჩანაწერი № 63720)

000 -ლიდერი
ფიქსირებული სიგრძის საკონტროლო ველი 02176nam a22002657a 4500
003 - საკონტროლო ნომრის იდენტიფიკატორი
საკონტროლო ველი Ge_BSU
005 - ბოლო ოპერაციის თარიღი და დრო
საკონტროლო ველი 20251215190650.0
008 - ფიქსირებული სიგრძის მონაცემთა ელემენტები - ზოგადი ინფორმაცია
ფიქსირებული სიგრძის საკონტროლო ველი 251215s2023 ge ||||| |||| 00| 0 geo d
020 ## - წიგნის საერთაშორისო სტანდარტული ნომერი
International Standard Book Number 9789941986741
041 ## - ენის კოდი
Language code of text/sound track or separate title geo
080 ## - უნივერსალური ათობითი კლასიფიკაციის ინდექსი
Universal Decimal Classification number 341.222(479.22) : 94(479.222.5) : 392(=353.1) გ-99
100 ## - მთავარი ჩანაწერი - პიროვნების სახელი
Personal name გუჯეჯიანი, როზეტა
9 (RLIN) 5617
245 ## - ცნობა სათაურის შესახებ
Title საქართველოს საზღვრისპირა რეგიონების სოციო-კულტურული მახასიათებელები და სასაზღვრო ურთიერთობები :
Remainder of title ჯავახეთი = Social-cultural characteristics and transborder relations of Georgian borderlands : Javakjeti /
Statement of responsibility, etc როზეტა გუჯეჯიანი, ქეთევან ხუციშვილი, მირიან ხოსიტაშვილი; რედაქტორი ჯაბა სამუშია; საქართველოს პარლამენტის ეროვნული ბიბლიოთეკა.
264 ## - წარმოების, გამოცემის, დისტრიბუციის და სხვა ცნობები
გამოცემის, წარმოების, დისტრიბუციის... ადგილი თბილისი :
გამოცემის, წარმოების, დისტრიბუციის... სახელწოდება საქართველოს პარლამენტის ეროვნული ბიბლიოთეკა,
გამოცემის, წარმოების, დისტრიბუციის... თარიღი 2023.
300 ## - ფიზიკური აღწერა
Extent 222 გვ. :
Other physical details ილ. ;
Dimensions 21 სმ.
500 ## - ზოგადი შენიშვნა
General note ტექსტი ქართულ და ინგლისურ ენებზე.
504 ## - BIBLIOGRAPHY, ETC. NOTE
Bibliography, etc ბიბლიოგრაფია: გვ. 116-128, 213-222.
700 ## - ADDED ENTRY--PERSONAL NAME
Personal name ხუციშვილი, ქეთევან
Relator term ავტორი
9 (RLIN) 5752
700 ## - ADDED ENTRY--PERSONAL NAME
Personal name ხოსიტაშვილი, მირიან
Relator term ავტორი
9 (RLIN) 26510
700 ## - ADDED ENTRY--PERSONAL NAME
Personal name სამუშია, ჯაბა
Relator term რედაქტორი
9 (RLIN) 26511
700 ## - ADDED ENTRY--PERSONAL NAME
Personal name გელაშვილი, გიგი
Relator term დიზაინერი
9 (RLIN) 26512
710 ## - ADDED ENTRY--CORPORATE NAME
Corporate name or jurisdiction name as entry element საქართველოს პარლამენტის ეროვნული ბიბლიოთეკა.
9 (RLIN) 26513
856 ## - ELECTRONIC LOCATION AND ACCESS
Uniform Resource Identifier https://dspace.nplg.gov.ge/bitstream/1234/487084/1/Javaxeti.pdf
Link text ელ. ვერსია
942 ## - ADDED ENTRY ELEMENTS (KOHA)
Source of classification or shelving scheme
Koha item type წიგნი
ეგზემპლარები
ჩამოწერის სტატუსი დაკარგული ეგზემპლარის სტატუსი კლასიფიკაციის წყარო ან თაროზე გაწყობის სქემა დაზიანების სტატუსი არ გაიცემა მუდმივი მდებარეობა (დაცვის ადგილი) ამჟამინდელი ადგილსამყოფელი თაროზე განთავსების ადგილი შეძენის თარიღი ღირებულება, შესყიდვის ნორმალური ფასი სრული შენახვის შიფრი შტრიხკოდი ბოლო ოპერაციის თარიღი ეგზემპლარის მიმდევრობითი ნომერი (კეტერი?) Uniform Resource Identifier ფასის ძალაში შესვლის თარიღი ეგზემპლარის სახეობა საჯარო შენიშვნა
          ბათუმის შოთა რუსთაველის სახელმწიფო უნივერსიტეტის მთავარი ბიბლიოთეკა ბათუმის შოთა რუსთაველის სახელმწიფო უნივერსიტეტის მთავარი ბიბლიოთეკა წიგნსაცავი 2025-12-15 10.00 341.222(479.22) : 94(479.222.5) : 392(=353.1) გ-99 73275 2025-12-15 73275 საჩუქარი საქართველოს ეროვნული ბიბლიოთეკისაგან 2025-12-15 წიგნი 10 ლ.